Language Quiz

Random Language or German Quiz

In 6 Languages: Body Parts Quiz Stats

Quiz Updated Feb 3, 2016

Challenge
Share
Tweet
Score 0/10 Timer 05:00
0 Plays Today
% Correct
Nose
90.5%
Hand
85.5%
Arm
69.6%
Ear
66.2%
Mouth
65.7%
Eye
59.4%
Foot
58.3%
Head
49.6%
Chest
31.1%
Leg
24.8%

You're not logged in!

Compare scores with friends on all Sporcle quizzes.
Sign Up with Email
OR
Log In

You Might Also Like...

Show Comments

Extras

Top Quizzes Today


Score Distribution

Your Account Isn't Verified!

In order to create a playlist on Sporcle, you need to verify the email address you used during registration. Go to your Sporcle Settings to finish the process.